000 00577cam a22002053a 4500
001 40158
003 PGUSA
005 20140828083908.0
008 120707s2012||||xxu|||||s|||||000 | eng d
040 _aPGUSA
_beng
042 _adc
100 1 _aPanache, Madame,
_d1789-1881
245 1 0 _aManners :
_bA Novel, Vol 1
_h[electronic resource] /
_cMadame Panache
260 _bProject Gutenberg,
_c2012
506 _aPublic domain in the USA.
516 _aElectronic text
830 0 _aProject Gutenberg
_v40158
856 4 0 _uhttp://www.gutenberg.org/ebooks/40158
942 _cEB
999 _c269411
_d269411